000 00316nam a2200133Ia 4500
005 20260328104325.0
008 260328s9999||||xx |||||||||||||| ||und||
100 _aJodidio, Philip
245 0 _aArchitecture Now! /
_cPhilip Jodidio
260 _bTaschen
300 _a191 p.
650 _aARQUITECTURA
942 _cBK
999 _c11502
_d11502